Las 120 jornadas de Sodoma

Salvato in:
Dettagli Bibliografici
Autore principale: Sade, Marqués de
Natura: Libro
Lingua:Undetermined
Pubblicazione: Barcelona, España Tusquets 1991
Soggetti:
Tags: Aggiungi Tag
Nessun Tag, puoi essere il primo ad aggiungerne!!

MARC

LEADER 00000nam a2200000Ia 4500
008 170316s9999 xx 000 0 und d
040 |a cru BVZT 
090 |a 840 S-1.1c 
100 |a Sade, Marqués de 
245 |a Las 120 jornadas de Sodoma 
260 |a Barcelona, España 
260 |b Tusquets 
260 |c 1991 
300 |a 422 páginas 
650 |a LITERATURA FRANCESA 
650 |a NOVELA 
999 |c 7944  |d 7944 
942 |c 15 D  |h 840 S-1.1c  |2 z